Biggest Cities of the Southern United States in 1860 with a Map - Statistics

General Stats
  • This quiz has been taken 5,974 times
  • The average score is 54 of 241
Answers on the Map
Answers color-coded by a green-red scale on the quiz's map according to % correct below.
 
Answer Stats
Population State Cities % Correct
168,675 LA New Orleans
93%
4,845 TX Houston
92%
9,554 GA Atlanta
88%
3,191 MS Jackson
87%
2,407 TN Jackson
87%
3,494 TX Austin
85%
16,988 TN Nashville
83%
22,623 TN Memphis
82%
160,773 MO St. Louis
82%
61,122 DC Washington
81%
212,418 MD Baltimore
80%
2,118 FL Jacksonville
80%
40,519 SC Charleston
79%
1,520 VA Charleston
79%
2,265 NC Charlotte
78%
37,910 VA Richmond
78%
8,235 TX San Antonio
78%
5,428 LA Baton Rouge
77%
3,727 AR Little Rock
75%
68,033 KY Louisville
75%
4,780 NC Raleigh
75%
22,292 GA Savannah
73%
29,258 AL Mobile
71%
4,418 MO Kansas City
70%
1,932 FL Tallahassee
68%
8,843 AL Montgomery
67%
2,832 FL Key West
64%
8,052 SC Columbia
63%
4,069 TN Columbia
63%
1,414 MO Columbia
63%
1,599 NC Washington
61%
5,300 TN Knoxville
60%
9,321 KY Lexington
58%
4,122 MO Lexington
58%
2,135 VA Lexington
58%
1,289 DE Dover
55%
5,107 LA Jefferson
53%
21,258 DE Wilmington
53%
9,552 NC Wilmington
53%
7,307 TX Galveston
52%
4,529 MD Annapolis
51%
14,620 VA Norfolk
50%
12,493 GA Augusta
48%
2,545 TN Chattanooga
48%
3,702 KY Frankfort
46%
2,734 TX Brownsville
45%
1,137 TN Brownsville
45%
3,634 AL Huntsville
45%
2,190 LA Shreveport
45%
9,621 GA Columbus
44%
3,308 MS Columbus
44%
8,247 GA Macon
43%
1,235 MO Springfield
43%
3,848 GA Athens
42%
12,652 VA Alexandria
40%
1,461 LA Alexandria
40%
1,600 AL Greensboro
40%
3,082 MO Jefferson City
39%
1,256 TX Laredo
39%
2,876 FL Pensacola
39%
4,790 NC Fayetteville
38%
1,113 AL LaFayette
37%
1,650 AL Greenville
36%
1,518 SC Greenville
36%
10,046 KY Newport
34%
3,989 AL Tuscaloosa
33%
2,700 VA Charlottesville
29%
1,914 FL St. Augustine
27%
1,200 LA Monroe
26%
2,630 WV South Wheeling
26%
4,591 MS Vicksburg
26%
14,083 VA Wheeling
26%
8,142 MD Frederick
25%
1,500 AL Gainesville
24%
2,500 KY Bowling Green
22%
2,861 TN Murfreesboro
21%
2,850 TN Clarksville
20%
5,022 VA Fredericksburg
20%
1,200 TX Fredericksburg
20%
6,853 VA Lynchburg
20%
1,851 TX Lynchburg
20%
1,021 TX Tyler
20%
1,111 VA Williamsburg
20%
1,532 AR Fort Smith
19%
8,733 DC Georgetown
19%
1,720 SC Georgetown
19%
1,684 KY Georgetown
19%
3,164 MO Independence
19%
1,848 VA Hampton
18%
4,010 GA Rome
18%
3,177 AL Selma
18%
2,000 TN Franklin
17%
1,100 LA Franklin
17%
1,440 KY Paris
17%
1,003 TX Paris
17%
4,590 KY Paducah
16%
8,932 MO St. Joseph
16%
16,471 KY Covington
15%
1,300 GA Covington
15%
1,395 AL Florence
15%
6,612 MS Natchez
15%
18,266 VA Petersburg
15%
9,496 VA Portsmouth
15%
1,216 SC Spartanburg
15%
1,395 VA Suffolk
15%
1,360 SC Yorkville
15%
2,793 VA Manchester
14%
1,618 GA Albany
13%
1,200 GA Marietta
13%
1,150 FL Ocala
13%
2,420 NC Salisbury
13%
1,500 MD Salisbury
13%
4,392 VA Winchester
13%
1,142 KY Winchester
13%
4,078 MD Cumberland
12%
4,962 KY Danville
12%
3,500 VA Danville
12%
4,132 MD Hagerstown
12%
2,308 KY Owensboro
12%
1,986 TX Victoria
12%
2,663 MO Cape Girardeau
11%
1,056 VA Fairfax
11%
1,740 TX New Braunfels
11%
1,396 AR Pine Bluff
11%
1,339 VA Harpers Ferry
10%
1,863 TX Harrisburg
10%
3,000 KY Henderson
10%
5,432 NC New Bern
10%
1,902 DE New Castle
10%
2,493 VA Parkersburg
10%
3,239 MO St. Charles
10%
1,908 TN Trenton
10%
6,505 MO Hannibal
9%
1,023 VA Harrisonburg
9%
1,083 VA Leesburg
9%
3,875 VA Staunton
9%
1,862 MD Cambridge
8%
1,376 VA Charles Town
8%
2,219 AR Camden
7%
1,621 SC Camden
7%
1,649 GA Dalton
7%
1,873 DE Smyrna
7%
1,119 SC Sumter
7%
2,800 MS Aberdeen
6%
1,035 MO Glasgow
6%
1,740 NC Hendersonville
6%
1,706 KY Portland
6%
1,904 FL Apalachicola
5%
1,610 NC Beaufort
5%
1,500 GA LaGrange
5%
1,281 MO La Grange
5%
1,112 TN La Grange
5%
1,288 MO Liberty
5%
1,411 TX Marshall
5%
3,364 VA Martinsburg
5%
1,815 FL Milton
5%
1,260 LA Natchitoches
5%
3,225 GA Newton
5%
1,600 AL Talladega
5%
1,496 MO Canton
4%
1,756 LA Carrollton
4%
1,511 KY Carrollton
4%
1,500 MS Corinth
4%
1,358 MD Easton
4%
1,650 MD Elkton
4%
1,390 FL Fernandina
4%
1,963 MD Havre de Grace
4%
1,551 AR Helena
4%
1,700 TN Lebanon
4%
1,408 AL Marion
4%
2,546 GA Newnan
4%
1,938 TX Palestine
4%
1,458 GA Thomasville
4%
1,600 AL Tuskegee
4%
5,816 LA Algiers
3%
1,869 GA Bainbridge
3%
1,107 TX Bastrop
3%
2,400 GA Cartersville
3%
1,355 DE Delaware City
3%
1,444 MD Ellicott's Mills
3%
2,850 AL Eufaula
3%
1,536 VA Farmville
3%
1,200 TN Gallatin
3%
1,103 TX Gonzales
3%
2,289 KY Hopkinsville
3%
2,436 MO Louisiana
3%
1,016 VA Mason
3%
3,499 KY Maysville
3%
1,178 DE Milford
3%
2,480 GA Milledgeville
3%
1,083 FL Monticello
3%
1,500 AL Prattville
3%
1,600 TN Pulaski
3%
1,380 LA Thibodaux
3%
1,142 KY Versailles
3%
1,550 MD Westminster
3%
1,016 MD Williamsport
3%
1,500 MS Yazoo City
3%
1,213 TN Bolivar
2%
1,130 VA Bolivar
2%
2,596 MO Boonville
2%
1,539 MD Chestertown
2%
1,475 LA Donaldsonville
2%
2,009 GA Eatonton
2%
1,504 NC Edenton
2%
1,200 AL Eutaw
2%
1,212 TX Goliad
2%
2,851 GA Griffin
2%
1,668 KY Harrodsburg
2%
1,006 KY Hickman
2%
1,500 MS Hillsboro
2%
2,987 MS Holly Springs
2%
1,451 LA Homer
2%
1,150 TX Indianola
2%
1,333 NC Kinston
2%
1,144 LA Minden
2%
1,637 SC Newberry
2%
1,999 MO Palmyra
2%
1,663 LA Plaquemine
2%
1,453 MS Port Gibson
2%
1,089 KY Russellville
2%
1,016 MD Saint Michaels
2%
1,526 TN Somerville
2%
1,277 MO Ste. Genevieve
2%
1,048 NC Tarboro
2%
2,000 AL Tuscumbia
2%
1,046 KY Uniontown
2%
1,520 NC Warrenton
2%
1,810 MO Weston
2%
3,800 Al Wetumpka
2%
1,111 VA Wytheville
2%
1,920 AL Cahaba
1%
3,993 MO Carondelet
1%
2,000 GA Cuthbert
1%
1,237 KY Cynthiana
1%
1,836 TN Edgefield
1%
1,103 MO Hermann
1%
1,526 GA Palmetto
1%
1,500 MD Port Deposit
1%
1,052 TX San Elizario
1%
1,219 VA Shepherdstown
1%
No matching quizzes found
Score Distribution
Percent of People with Each Score
Percentile by Number Answered
Your Score History
You have not taken this quiz